Normal view
MARC view
- Cowlishaw, MG
Entry Personal Name
001 - CONTROL NUMBER
- control field: 45949
003 - CONTROL NUMBER IDENTIFIER
- control field: NUST
005 - DATE AND TIME OF LATEST TRANSACTION
- control field: 20210314133359.0
008 - FIXED-LENGTH DATA ELEMENTS
- fixed length control field: 210314|| aca||aabn | a|a d
040 ## - CATALOGING SOURCE
- Original cataloging agency: NUST
- Transcribing agency: NUST
100 ## - HEADING--PERSONAL NAME
- Personal name: Cowlishaw, MG
670 ## - SOURCE DATA FOUND
- Source citation: Work cat.: (NUST): Cowlishaw, MG, Rules of the game of hockey with note on the rules suggestions to umpires., 1967
